000 00323 a2200157 4500
001 183634
020 _a85-7106-0134-3
040 _cMagnum
100 _aLa Fontaine, Jean
240 1 0 _aFabulas
_lpor
245 1 0 _aFabulas
300 _a44
362 0 _a1999
697 _aLITERATURA JUVENIL ESTRANGEIRA
942 _cBK
999 _c183634
_d183634